[Event "Barcelona CC FIDE April"]
[Site "Barcelona"]
[Date "2021.04.24"]
[Round "1"]
[White "Del Amo Carbo, Jordi"]
[Black "Martin Barcelo, Carles"]
[Result "1-0"]
[WhiteElo "2122"]
[BlackElo "2201"]
[PlyCount "151"]
[EventDate "2021.04.24"]
[EventType "tourn"]
[EventRounds "9"]
[EventCountry "ESP"]
[SourceTitle "EXT 2022"]
[Source "ChessBase"]
[SourceDate "2021.10.06"]
[SourceVersion "1"]
[SourceVersionDate "2021.10.06"]
[SourceQuality "1"]

1. d4 Nf6 2. c4 g6 3. Nc3 Bg7 4. e4 d6 5. Be2 0-0 6. Nf3 e5 7. d5 Bg4 8. Be3 Bxf3 9. Bxf3 Nbd7 10. Qc2 a6 11. Be2 Kh8 12. h4 h5 13. f3 Qe7 14. g4 Nc5 15. Bg5 Qe8 16. Qd2 Kh7 17. 0-0-0 Rb8 18. Rdg1 b5 19. Rh2 bxc4 20. Rhg2 Qe7 21. gxh5 gxh5 22. Nd1 c3 23. Nxc3 Rg8 24. Nd1 Bh8 25. Ne3 Rg6 26. Nf5 Qf8 27. Be3 Ncd7 28. Rg5 Bg7 29. R5g3 Ng8 30. Bf1 Qe8 31. Bh3 Nf8 32. Rg5 Nf6 33. Nxg7 Kxg7 34. Bf5 Rxg5 35. Bxg5 Ng6 36. b3 Ng8 37. Be3 Kh7 38. Qg2 a5 39. Bd2 a4 40. b4 a3 41. Qg5 Kg7 42. Qxh5 c5 43. Qg4 cxb4 44. h5 N8e7 45. hxg6 fxg6 46. Bd7 Qd8 47. Kd1 b3 48. axb3 a2 49. Ke2 Qb6 50. Bh6+ Kh7 51. Qh4 Qxg1 52. Be3+ Kg7 53. Qxe7+ Kh8 54. Qh4+ Kg7 55. Qh6+ Kf6 56. Qh4+ Kg7 57. Bxg1 a1Q 58. Qe7+ Kh8 59. Qf6+ Kh7 60. Qf7+ Kh8 61. Be3 Qh1 62. Qxg6 Rf8 63. Bf5 Qh2+ 64. Bf2 Rg8 65. Qf6+ Rg7 66. b4 Kg8 67. Be6+ Kh7 68. Qh4+ Qxh4 69. Bxh4 Rb7 70. Be1 Kg6 71. Bd2 Kh5 72. Kd3 Kh4 73. Kc4 Kg3 74. b5 Kxf3 75. Bf5 Ke2 76. Ba5 1-0

[Event "Barcelona Canovelles op"]
[Site "Barcelona"]
[Date "2020.12.30"]
[Round "5"]
[White "Costa Trave, Jaume"]
[Black "Del Amo Carbo, Jordi"]
[Result "0-1"]
[WhiteElo "1694"]
[BlackElo "2126"]
[PlyCount "132"]
[EventDate "2020.12.27"]
[EventType "swiss"]
[EventRounds "7"]
[EventCountry "ESP"]
[SourceTitle "CBM 200 Extra"]
[Source "ChessBase"]
[SourceDate "2021.03.31"]
[SourceVersion "1"]
[SourceVersionDate "2021.03.31"]
[SourceQuality "1"]

1. e4 e5 2. d4 exd4 3. c3 dxc3 4. Nxc3 Nc6 5. Bc4 Bb4 6. Nge2 Nf6 7. 0-0 Bxc3 8. Nxc3 d6 9. Bg5 h6 10. Bh4 Ne5 11. Bb3 Ng6 12. Bg3 0-0 13. f4 Bg4 14. Qc2 Nh5 15. e5 Nxg3 16. hxg3 Ne7 17. f5 Bxf5 18. Rxf5 Nxf5 19. Qxf5 dxe5 20. Qxe5 Qd7 21. Rd1 Qc6 22. Nd5 Kh8 23. Nf4 Rfe8 24. Qh5 Re7 25. Rf1 Qe8 26. Qf3 Re1 27. Rxe1 Qxe1+ 28. Kh2 Qe7 29. Qh5 c6 30. Bc2 Qf6 31. b4 Re8 32. Bb3 Re7 33. Qg4 Kh7 34. Nh5 Qg5 35. Qf3 g6 36. Nf4 Qf6 37. Qd3 Kg7 38. Bc2 h5 39. b5 h4 40. bxc6 bxc6 41. a4 Re5 42. Nh3 hxg3+ 43. Qxg3 Rh5 44. Bd1 Rh4 45. a5 Rd4 46. Bf3 Qd6 47. a6 c5 48. Ng5 Rh4+ 49. Nh3 Rd4 50. Ng5 Qxg3+ 51. Kxg3 c4 52. Ne4 f5 53. Nc5 Rd6 54. Kf2 c3 55. Ke2 c2 56. Nb3 Rd1 57. g4 c1Q 58. Nxc1 Rxc1 59. gxf5 gxf5 60. Bb7 Kf6 61. Kf3 Ke5 62. Kf2 Ra1 63. Kf3 Ra3+ 64. Kf2 Kf4 65. Ke2 Kg3 66. Kf1 f4 0-1

[Event "Barcelona Canovelles op"]
[Site "Barcelona"]
[Date "2020.12.30"]
[Round "6"]
[White "Salinas Tomas, Daniel"]
[Black "Del Amo Carbo, Jordi"]
[Result "1/2-1/2"]
[WhiteElo "1976"]
[BlackElo "2126"]
[PlyCount "53"]
[EventDate "2020.12.27"]
[EventType "swiss"]
[EventRounds "7"]
[EventCountry "ESP"]
[SourceTitle "CBM 200 Extra"]
[Source "ChessBase"]
[SourceDate "2021.03.31"]
[SourceVersion "1"]
[SourceVersionDate "2021.03.31"]
[SourceQuality "1"]

1. e4 e5 2. Nf3 Nc6 3. Bb5 a6 4. Ba4 Nf6 5. 0-0 b5 6. Bb3 Bc5 7. a4 Rb8 8. Nxe5 Nxe5 9. d4 Bxd4 10. Qxd4 d6 11. axb5 axb5 12. f4 Nc6 13. Qc3 Ne7 14. e5 Ne4 15. Qf3 d5 16. Nc3 Nxc3 17. Qxc3 0-0 18. Be3 Re8 19. Rad1 c6 20. Bf2 Bf5 21. h3 Be4 22. Rfe1 Qc8 23. Bc5 Ng6 24. Rf1 Qd7 25. Qe3 f5 26. g3 Nf8 27. Ra1 1/2-1/2

[Event "Barbera del Valles op 42nd"]
[Site "Barbera del Valles"]
[Date "2019.07.10"]
[Round "7"]
[White "Del Amo Carbo, Jordi"]
[Black "Diaz Del Valle, Laura Beatriz"]
[Result "1/2-1/2"]
[WhiteElo "2178"]
[BlackElo "2063"]
[PlyCount "125"]
[EventDate "2019.07.04"]
[EventType "swiss"]
[EventRounds "9"]
[EventCountry "ESP"]
[SourceTitle "CBM 191 Extra"]
[Source "ChessBase"]
[SourceDate "2019.09.30"]
[SourceVersion "1"]
[SourceVersionDate "2019.09.30"]
[SourceQuality "1"]

1. d4 d5 2. c4 e6 3. Nf3 Nf6 4. g3 Be7 5. Bg2 0-0 6. 0-0 Nbd7 7. Nbd2 b6 8. b3 Bb7 9. Bb2 c5 10. e3 Rc8 11. Qe2 Qc7 12. cxd5 exd5 13. Rac1 Qb8 14. Ne5 Rcd8 15. Ndf3 h6 16. Rfd1 Nxe5 17. Nxe5 Rfe8 18. dxc5 bxc5 19. Nd3 d4 20. Bxb7 Qxb7 21. exd4 cxd4 22. Qf1 Nh7 23. Qg2 Qa6 24. a3 Rc8 25. Rxc8 Rxc8 26. b4 Ng5 27. f4 Ne6 28. Qd2 Bf6 29. Rc1 Rxc1+ 30. Nxc1 Qb6 31. Nd3 Qc6 32. Nf2 Qb6 33. Qd3 a5 34. Qc4 axb4 35. axb4 d3 36. Bxf6 gxf6 37. Qxd3 Qxb4 38. Qe4 Qxe4 39. Nxe4 Kg7 40. Nd6 h5 41. Kf2 Nc5 42. Kf3 Nd7 43. Ke4 Kg6 44. f5+ Kg7 45. Kd5 Kf8 46. Nc4 Ke7 47. h3 Nf8 48. Ne3 Nd7 49. Ng2 Nb6+ 50. Kd4 Nc8 51. Kd5 Nd6 52. Ne3 Kd7 53. h4 Ke7 54. Kd4 Nb5+ 55. Ke4 Kf8 56. Nc4 Kg7 57. Kf4 Kh6 58. Ke4 Kg7 59. Nb6 Nc3+ 60. Kf3 Nb5 61. Nd5 Nd4+ 62. Ke4 Ne2 63. Kf3 1/2-1/2

[Event "Barcelona Gotico"]
[Site "Barcelona"]
[Date "2019.05.14"]
[Round "8"]
[White "Jimenez Ruano, Adrian"]
[Black "Del Amo Carbo, Jordi"]
[Result "1/2-1/2"]
[WhiteElo "2287"]
[BlackElo "2141"]
[PlyCount "61"]
[EventDate "2019.03.12"]
[EventType "tourn"]
[EventRounds "9"]
[EventCountry "ESP"]
[SourceTitle "CBM 190 Extra"]
[Source "ChessBase"]
[SourceDate "2019.07.15"]
[SourceVersion "1"]
[SourceVersionDate "2019.07.15"]
[SourceQuality "1"]

1. Nf3 Nf6 2. b3 d5 3. Bb2 e6 4. e3 Be7 5. c4 b6 6. cxd5 exd5 7. Nc3 Bb7 8. d4 0-0 9. Bd3 Nbd7 10. 0-0 Re8 11. Rc1 a6 12. Bb1 Bd6 13. Ne2 Ne4 14. Qc2 Rc8 15. Nd2 Qh4 16. Ng3 Nxd2 17. Qxd2 Nf6 18. Bf5 Rcd8 19. f4 g6 20. Bh3 Bc8 21. Bxc8 Rxc8 22. Rf3 Re7 23. Nf1 Rce8 24. Qd3 a5 25. Bc3 Qg4 26. h3 Qd7 27. Be1 Ne4 28. Bh4 f6 29. Bg3 f5 30. Bh4 Rg7 31. Bg5 1/2-1/2

[Event "Barcelona Sants op 20th"]
[Site "Barcelona"]
[Date "2018.08.17"]
[Round "1"]
[White "Demchenko, Anton"]
[Black "Del Amo Carbo, Jordi"]
[Result "1-0"]
[WhiteElo "2670"]
[BlackElo "2153"]
[PlyCount "69"]
[EventDate "2018.08.17"]
[EventType "swiss"]
[EventRounds "10"]
[EventCountry "ESP"]
[SourceTitle "CBM 186 Extra"]
[Source "ChessBase"]
[SourceDate "2018.08.24"]
[SourceVersion "1"]
[SourceVersionDate "2018.08.24"]
[SourceQuality "1"]

1. e4 e5 2. Nf3 Nc6 3. Bc4 Nf6 4. d3 Bc5 5. Bg5 h6 6. Bh4 Be7 7. Nbd2 d6 8. a3 0-0 9. Bg3 Re8 10. 0-0 Bf8 11. Re1 Be6 12. Bxe6 Rxe6 13. b4 a6 14. c3 d5 15. Qb3 dxe4 16. dxe4 Nh5 17. Nc4 Nxg3 18. hxg3 Qe8 19. Rad1 b5 20. Ne3 Ne7 21. c4 c6 22. c5 g6 23. Rd3 Kh7 24. g4 Ng8 25. g5 Rd8 26. Rxd8 Qxd8 27. Rd1 Qc8 28. Ng4 Bg7 29. gxh6 Bxh6 30. Ngxe5 Qe8 31. Rd7 Re7 32. Rxe7 Qxe7 33. Nxc6 Qxe4 34. Qxf7+ Kh8 35. Nce5 1-0

[Event "Barbera del Valles op 41st"]
[Site "Barbera del Valles"]
[Date "2018.07.04"]
[Round "1"]
[White "Del Amo Carbo, Jordi"]
[Black "Guseinov, Gadir"]
[Result "0-1"]
[WhiteElo "2196"]
[BlackElo "2654"]
[PlyCount "100"]
[EventDate "2018.07.04"]
[EventType "swiss"]
[EventRounds "9"]
[EventCountry "ESP"]
[SourceTitle "CBM 185 Extra"]
[Source "ChessBase"]
[SourceDate "2018.07.29"]
[SourceVersion "1"]
[SourceVersionDate "2018.07.29"]
[SourceQuality "1"]

1. d4 g6 2. Nf3 Bg7 3. g3 d6 4. Bg2 Nd7 5. 0-0 e5 6. c4 Ne7 7. dxe5 dxe5 8. Nc3 0-0 9. Qc2 Nf5 10. Rd1 Nd4 11. Nxd4 exd4 12. Nd5 Nc5 13. Nf4 Re8 14. Nd3 Qe7 15. Bd2 a5 16. Nxc5 Qxc5 17. e3 Bg4 18. Re1 Rad8 19. Qc1 c6 20. Rb1 dxe3 21. Bxe3 Qb4 22. a3 Qb3 23. Bg5 Ra8 24. Be4 Be6 25. c5 a4 26. Qf4 Qc4 27. Bf6 Bxf6 28. Qxf6 Qxc5 29. Rbd1 Bb3 30. Rd7 Qe5 31. Qxe5 Rxe5 32. Re3 Rb5 33. Bd3 Rb6 34. Ree7 Rb8 35. Re2 Bd5 36. f4 Kf8 37. Rde7 Rxb2 38. Rxf7+ Kxf7 39. Rxb2 b5 40. Kf2 Bb3 41. f5 c5 42. fxg6+ hxg6 43. Ke3 c4 44. Rf2+ Kg7 45. Be4 c3 46. Kd4 b4 47. axb4 Rxb4+ 48. Ke3 a3 49. Bb1 c2 50. Bxc2 a2 0-1

[Event "Barcelona Sants op 19th"]
[Site "Barcelona"]
[Date "2017.08.18"]
[Round "1"]
[White "Ortiz Suarez, Isan Reynaldo"]
[Black "Del Amo Carbo, Jordi"]
[Result "1-0"]
[WhiteElo "2556"]
[BlackElo "2103"]
[PlyCount "57"]
[EventDate "2017.08.18"]
[EventType "swiss"]
[EventRounds "10"]
[EventCountry "ESP"]
[SourceTitle "CBM 180 Extra"]
[Source "ChessBase"]
[SourceDate "2017.10.06"]
[SourceVersion "1"]
[SourceVersionDate "2017.10.06"]
[SourceQuality "1"]

1. c4 Nf6 2. g3 e6 3. Bg2 d5 4. Nf3 Be7 5. 0-0 0-0 6. d4 b6 7. cxd5 exd5 8. Nc3 Bb7 9. Bf4 c6 10. Rc1 Re8 11. Ne5 Nbd7 12. e4 Nxe5 13. dxe5 Nxe4 14. Nxe4 dxe4 15. Bxe4 Bc5 16. Qh5 g6 17. Qf3 Rc8 18. Rfd1 Qe7 19. h4 Qe6 20. Rxc5 bxc5 21. Rd6 Qe7 22. Bg5 Qc7 23. Bf6 Re6 24. Qf4 Rxf6 25. exf6 Kh8 26. h5 Rd8 27. Qh6 Rg8 28. hxg6 fxg6 29. Re6 1-0